Statistics for Overseas Thai Population

Click here to take the quiz!

General Stats

  • This quiz has been taken 77 times
  • The average score is 9 of 12

Answer Stats

#Country% Correct
319,000United States
100%
45,000United Kingdom
93%
30,000France
93%
50,000Japan
90%
81,000Australia
88%
58,000Germany
87%
70,000Malaysia
84%
47,000Singapore
83%
185,000South Korea
74%
65,000Taiwan
67%
43,000Sweden
49%
28,000Israel
14%

Score Distribution

Percentile by Number Answered

Percent of People with Each Score

Your Score History

You have not taken this quiz